Power-sharing in Sri Lanka : (Record no. 4402)

MARC details
000 -LEADER
fixed length control field 00747nam a22002297a 4500
003 - CONTROL NUMBER IDENTIFIER
control field LK-CoMWRAF
005 - DATE AND TIME OF LATEST TRANSACTION
control field 20231213115706.0
008 - FIXED-LENGTH DATA ELEMENTS--GENERAL INFORMATION
fixed length control field 231213b2008 |||||||| |||| 00| 0 eng d
020 ## - INTERNATIONAL STANDARD BOOK NUMBER
International Standard Book Number 9789551800055
040 ## - CATALOGING SOURCE
Original cataloging agency LK-CoMWRAF
Modifying agency LK-CoMWRAF
Description conventions LK-CoMWRAF
041 ## - LANGUAGE CODE
Language code of text/sound track or separate title English
082 ## - DEWEY DECIMAL CLASSIFICATION NUMBER
Classification number 320.95
Item number POW
942 ## - ADDED ENTRY ELEMENTS (KOHA)
Koha item type Books
700 ## - ADDED ENTRY--PERSONAL NAME
Personal name Edrisinha, Rohan
Relator Term editor
700 ## - ADDED ENTRY--PERSONAL NAME
Personal name Gomez, Mario
Relator Term editor
700 ## - ADDED ENTRY--PERSONAL NAME
Personal name Thamilmaran, V.T.
Relator Term editor
700 ## - ADDED ENTRY--PERSONAL NAME
Personal name Welikala, Asanga
Relator Term editor
245 ## - TITLE STATEMENT
Title Power-sharing in Sri Lanka :
Remainder of title constitutional and political documents, 1926-2008
260 ## - PUBLICATION, DISTRIBUTION, ETC. (IMPRINT)
Place of publication, distribution, etc. Colombo,
Name of publisher, distributor, etc. Centre for Policy Alternatives
Date of publication, distribution, etc. 2008
300 ## - PHYSICAL DESCRIPTION
Extent 896 p. : ill. 1 map ; 29 cm
Other physical details Bibliography included
650 ## - SUBJECT ADDED ENTRY--TOPICAL TERM
Topical term or geographic name as entry element Sri Lanka- Politics and government -Sources
Holdings
Withdrawn status Lost status Damaged status Not for loan Permanent Location Current Location Date acquired Full call number Barcode Koha item type
        Resource center, Muslim Women's Research And Action Forum Resource center, Muslim Women's Research And Action Forum 2023-12-13 320.95 POW RAF4536 Books

Copyright © 2023 Muslim Women's Research and Action Forum (MWRAF), No 27/3, Anderson Road, Kalubowila, Dehiwela. Funded by The Asia Fundation